|
|
|
|
| LEADER |
00000nam a22000007a 4500 |
| 005 |
20190808002313.0 |
| 007 |
cr|||| |||| |
| 008 |
190808s2018 mx |||||s|||| 00||0 spa d |
| 020 |
|
|
|a 978-607-8628-30-8
|
| 035 |
|
|
|a 23909
|
| 040 |
|
|
|a vLex
|
| 090 |
|
|
|c 9129
|d 9129
|
| 100 |
1 |
|
|a Matheln̕ Leyva, Carlos R.
|
| 245 |
1 |
0 |
|a Estudio del rǧimen fiscal de empresas constructoras
|h [Recurso electrn̤ico] /
|c Carlos R. Matheln̕ Leyva
|
| 256 |
|
|
|a Servicio en ln̕ea
|
| 260 |
|
|
|a Ciudad de Mx̌ico:
|b Instituto Mexicano de Contadores Pb︢licos,
|c 2019
|
| 300 |
|
|
|a 1 recurso electrn̤ico
|
| 500 |
|
|
|a La literatura fiscal acerca de la industria de la construccin̤ es escasa; por ello, debido a su carc̀ter multidisciplinario, Estudio del rǧimen fiscal de empresas constructoras es indispensable y de gran utilidad para las autoridades fiscales, los arquite ctos, ingenieros, analistas, investigadores y estudiantes, as ̕como para empresarios dedicados a esta actividad. C omo una consecuencia del crecimiento de la industria constructora en nuestro pas̕, las autoridades fiscales han considerado conveniente modifi car las reglas de tributacin̤, pues esta r̀ea es uno de los soportes ms̀ sl̤idos de la economa̕ mexicana. En esta obra se facilitan elementos importantes, los cuales se clasifican en los siguientes apartados: » Conceptos generales de la industria de la con struccin̤. » Tratamiento contable de los ingresos y costos de contratos de construccin̤. » Impuesto sobre la renta. » Impuesto al valor agregado. » Otros impuestos y derechos. Esta edicin̤ presenta informacin̤ actualizada con las disposiciones previstas en las leyes del ISR, IVA, la Resolucin̤ Miscelǹea Fiscal para 2018 y el DOF del 19 de diciembre de 2018. Adems̀, presenta una serie de propuestas con respecto al: Programa Nacional de Desarrollo Urbano General y Regional, financiamiento a largo plazo, estm̕ulos fiscales, anticipos de obra, fomento a la inversin̤ de activos fijos. desarrollo profesional continuo de Contadores y financieros, de manera que sea una herramienta t︢il para su desempeǫ.
|
| 506 |
1 |
|
|a Disponible solo en los productos indicados
|d vLex Global
|d vLex Global (Academic Edition, excluding Law Schools)
|d vLex Global (U.S. Academic Edition, Law Schools)
|d vLex Global (U.S. Academic Edition, excluding Law Schools)
|d vLex Global (Academic Edition, Law Schools)
|
| 650 |
0 |
4 |
|a Derecho Fiscal
|z Mx̌ico
|
| 650 |
0 |
4 |
|a IVA
|z Mx̌ico
|
| 740 |
0 |
|
|a vLex Libros (Servicio en ln̕ea)
|
| 856 |
4 |
0 |
|u http://vlex.com/source/estudio-del-regimen-fiscal-de-empresas-constructoras-23909
|z Acceso restringido
|
| 942 |
|
|
|c BOOK
|
| 999 |
0 |
|
|a Tax Law
|
| 999 |
0 |
|
|a VAT
|